Wszyscy posłowie Polska 2050-TD sejmu X kadencji po zdjęciu - Statystyki

Ogólne statystyki
  • Ten quiz został rozwiązany 23 razy
  • Średni wynik to 8 z 32
Statystyki odpowiedzi
Obrazkowy Odpowiedź % Poprawnych
Szymon Hołownia
100%
Bożenna Hołownia
95%
Ryszard Petru
90%
Joanna Mucha
70%
Paulina Hennig Kloska
60%
Michał Gramatyka
55%
Paweł Zalewski
50%
Tomasz Zimoch
50%
Mirosław Suchoń
35%
Aleksandra Leo
30%
Maja Nowak
25%
Paweł Śliz
25%
Izabela Bodnar
20%
Sławomir Ćwik
15%
Agnieszka Buczyńska
10%
Ewa Schädler
10%
Kamil Wnuk
10%
Norbert Pietrykowski
10%
Rafał Komarewicz
10%
Adam Luboński
5%
Barbara Okuła
5%
Barbara Oliwiecka
5%
Bartosz Romowicz
5%
Elżbieta Burkiewicz
5%
Ewa Szymanowska
5%
Łukasz Osmalak
5%
Marcin Skonieczka
5%
Piotr Górnikiewicz
5%
Piotr Strach
5%
Rafał Kasprzyk
5%
Wioleta Tomczak
5%
Żaneta Cwalina Śliwowska
5%
Nie znaleziono quizów pasujących do podanych kryteriów
Rozkład punktacji
Procent ludzi z każdym wynikiem
Percentyl według liczby udzielonych odpowiedzi
Twoja historia wyników
Nie rozwiązałeś tego quizu